Konkurencieschopnosť Slovenska a úloha vysokých škôl

Výchova a vzdelávanie sú mimo centra pozornosti politikov a biznismenov. Presadzovanie vedomostnej ekonomiky. Uplatnenie výsledkov vedeckej práce vysokých škôl na trhu. Aké bude postavenie vysokých škôl po vstupe do EÚ. Medzinárodný trh vzdelania. Vzdelanie a štát.

Gespeichert in:
Bibliographische Detailangaben
1. Verfasser: Baláž, Peter
Format: Buchkapitel
Sprache:Slowakisch
Schlagworte:
Tags: Tag hinzufügen
Keine Tags, Fügen Sie das erste Tag hinzu!

MARC

LEADER 00000naa a2200000 4500
001 r047160
005 20230925130437.5
041 0 |a slo 
044 |a SK 
245 1 0 |a Konkurencieschopnosť Slovenska a úloha vysokých škôl  |c Peter Baláž 
520 |a Výchova a vzdelávanie sú mimo centra pozornosti politikov a biznismenov. Presadzovanie vedomostnej ekonomiky. Uplatnenie výsledkov vedeckej práce vysokých škôl na trhu. Aké bude postavenie vysokých škôl po vstupe do EÚ. Medzinárodný trh vzdelania. Vzdelanie a štát. 
610 2 0 |a vzdelávanie 
610 2 0 |a školy vysoké 
610 2 0 |a ekonomika vedomostná 
610 2 0 |a vedomosti 
610 2 0 |a študenti 
610 2 0 |a štúdium vysokoškolské 
610 2 0 |a štúdium v zahraničí 
610 2 0 |a Európska únia 
610 2 0 |a Slovensko 
100 1 |a Baláž, Peter